000 00930nam a2200265Ia 4500
003 OSt
005 20220923211311.0
006 a|||||r|||| 00| 0
007 ta
008 220922b |||||||| |||| 00| 0 hin d
020 _a9788179756409 (hbk)
_c250
024 _a290,138
037 _b100, 09/03/2016, Mallika Books
_cTextual
040 _aARTS
_cARTS
_bhin
041 _2hin
_ahin
082 _aO152,3N012x, Q5
100 _aबेनीपुरी, रामवृक्ष
245 0 _aचिता के फूल
246 _aChitā ke fūla
260 _aनई दिल्ली
_b अनामिका पब्लिशर्स
_c2015
300 _a107पृ.
_ccm.
650 _aहिन्दी साहित्य
_9156264
942 _hO152,3N012x, Q5
_cTEXL
_2CC
999 _c298256
_d298256